1765 1884 1915 1175 1092 1353 1199 1315 1718 1595 1051 1427 1420 1888 1024 1705 1841 1205 1968 1265 1090 1168 1915 1384 1836 1728 1932 1372 1445 1606 1067 1259 1900 1663 1845 1927 1547 1225 1579 1093 1589 1302 1977 1873 1933 1892 1791 1908 1614 1557 1499 1395 1579 1508 1230 1572 1423 1340 1548 1822 1692 1480 1864 1171 1959 1937 1212 1504 1952 1949 1615 1001 1395 1438 1555 1423 1973 1728 1291 1313 1628 1708 1581 1632 1224 1716 1102 1877 1059 1440 1574 1861 1767 1382 1488 1307 1946 1957 1226 BCNSPRNW ULIB Ver.6.0+V

เปลี่ยนเป็นภาษาไทย

Change to English
 แสดงรายละเอียดบรรณานุกรม
  กลับหน้าหลัก

Brief Record : Get Marc (ISO 2709) : E-mail record : QR code < ปิดหน้าต่าง
LEADER : 00000nam 2200000uu 4500
001    13399108093
003     ULIB
008    110216s2546||||th 000 0 tha d
020    9749180143
060 04 WY159^bล118ก 2546
100 0  ลดาวัลย์ ประทีปชัยกร
245 10 การพยาบาลเพื่อส่งเสริมสุขภาพเด็กปฐมวัย /^cลดาวัลย์ประทีปชัยกูร
250    พิมพ์ครั้งที่ 2
260    [สงขลา] :^bคณะพยาบาลศาสตร์ มหาวิทยาลัยสงขลานครินทร์,^c2546
300    232 หน้า ;^c26 ซม.
536    ได้รับทุนสนับสนุนจากมหาวิทยาลัยสงขลานครินทร์ อันดับที่ 6/2543
650  7 การพยาบาลกุมารเวชศาสตร์
650  7 การส่งเสริมสุขภาพ
650  7 เด็กวัยก่อนเรียน
710 2  มหาวิทยาลัยสงขลานครินทร์. ^bคณะพยาบาลศาสตร์
945    ^p260^l0^i016804
995    เกษร
999 ^a ใช้งานได้ทุกระบบ
รายการนี้ยังไม่มีแท็ก
คุณยังไม่ได้ล็อกอิน คุณสามารถมีกิจกรรมร่วมกับเว็บไซต์ได้ แต่ต้องล็อกอินก่อน ::
  ล็อกอิน

รายการสื่อสารสนเทศ

ลำดับที่ ประเภท เลขเรียก/บาร์โค้ด สถานที่ สถานะ
- ไม่พบข้อมูล -

รายการใกล้เคียง
    ผู้แต่ง [ลดาวัลย์ ประทีปชัยกร]

    หัวเรื่อง [การพยาบาลกุมารเวชศาสตร์]
    หัวเรื่อง [การส่งเสริมสุขภาพ]
    หัวเรื่อง [เด็กวัยก่อนเรียน]

BibComment


ยังไม่เคยถูกคอมเมนท์

คอมเมนท์ทรัพยากรรายการนี้
  คอมเมนท์: การพยาบาลเพื่อส่ง..


 Copyright 2026. Bcnsprnw @Library